000 00556nam a22001457a 4500
020 _a9-781853-260995
082 _a823
_bKIP/K
100 _aKIPLING, RUDYARD
245 _aKIM
260 _aLONDON
_bWORDSWORTH CLASSICS
_c1993
300 _a247
520 _aKim, novel by Rudyard Kipling, published in 1901. Kim, Kipling's final and most famous novel, chronicles the adventures of an Irish orphan in India who becomes the disciple of a Tibetan monk while learning espionage from the British secret service
650 _aNOVEL
_zUNITED KINGDOM
942 _cBK
999 _c3502
_d3502